[Event "EU-chT (Women) 24th"]
[Site "Budva"]
[Date "2023.11.14"]
[Round "4.2"]
[White "Frisk, Ellinor"]
[Black "Ciftci, Zeynep"]
[Result "1/2-1/2"]
[WhiteElo "2161"]
[BlackElo "2173"]
[PlyCount "73"]
[EventDate "2023.11.11"]
[EventType "team-swiss"]
[EventRounds "9"]
[EventCountry "MNE"]
[SourceTitle "CB47_2023"]
[SourceDate "2023.11.22"]
[SourceVersion "1"]
[SourceVersionDate "2023.11.22"]
[SourceQuality "1"]
[WhiteTeam "Sweden (W)"]
[BlackTeam "Turkey (W)"]
[WhiteTeamCountry "SWE"]
[BlackTeamCountry "TUR"]

1. c4 c6 2. Nf3 d5 3. e3 Nf6 4. Nc3 Bf5 5. cxd5 cxd5 6. Qb3 Bc8 7. Be2 Nc6 8. d4 e6 9. 0-0 Bd6 10. Bd2 0-0 11. Rac1 Bd7 12. Rfd1 Na5 13. Qc2 Rc8 14. Qb1 Nc4 15. Be1 b5 16. b3 Na3 17. Qb2 b4 18. Nb1 Nxb1 19. Rxc8 Qxc8 20. Rxb1 Qb7 21. Rc1 Rc8 22. Ne5 a5 23. Nxd7 Nxd7 24. Bd2 Rxc1+ 25. Qxc1 Qb8 26. h3 Nf6 27. Bd3 Qc7 28. Qxc7 Bxc7 29. f3 Kf8 30. Kf2 Bb6 31. Ke2 Ne8 32. Be1 f5 33. Bf2 Nd6 34. Bg3 Ke7 35. Bxd6+ Kxd6 36. f4 h5 37. h4 1/2-1/2

[Event "SWE-ch blitz"]
[Site "Helsingborg"]
[Date "2021.11.14"]
[Round "5"]
[White "Elsner, Yair"]
[Black "Frisk, Ellinor"]
[Result "0-1"]
[WhiteElo "1629"]
[BlackElo "2142"]
[PlyCount "51"]
[EventDate "2021.11.14"]
[EventType "swiss (blitz)"]
[EventRounds "13"]
[EventCountry "SWE"]
[SourceTitle "EXT 2024"]
[Source "ChessBase"]
[SourceDate "2023.10.10"]
[SourceVersion "1"]
[SourceVersionDate "2023.10.10"]
[SourceQuality "1"]

1. e4 c5 2. Nc3 g6 3. d4 cxd4 4. Qxd4 Nf6 5. Nf3 Nc6 6. Qa4 d6 7. Bf4 Bg7 8. 0-0-0 Bd7 9. Qb3 0-0 10. e5 dxe5 11. Nxe5 Nxe5 12. Bxe5 Qc8 13. Bc4 Bc6 14. f3 Qf5 15. Rhe1 Rac8 16. Kb1 e6 17. Bd3 Qh5 18. h3 Nd5 19. Bxg7 Kxg7 20. Nxd5 Bxd5 21. Qa4 a6 22. Qd4+ Kg8 23. Qg4 Qxg4 24. hxg4 Rc7 25. Rh1 f5 26. g5 0-1

[Event "SWE-ch blitz"]
[Site "Helsingborg"]
[Date "2021.11.14"]
[Round "10"]
[White "Makinen, Janne"]
[Black "Frisk, Ellinor"]
[Result "0-1"]
[WhiteElo "2004"]
[BlackElo "2142"]
[PlyCount "100"]
[EventDate "2021.11.14"]
[EventType "swiss (blitz)"]
[EventRounds "13"]
[EventCountry "SWE"]
[SourceTitle "EXT 2024"]
[Source "ChessBase"]
[SourceDate "2023.10.10"]
[SourceVersion "1"]
[SourceVersionDate "2023.10.10"]
[SourceQuality "1"]

1. d4 d5 2. c4 c6 3. Nc3 e5 4. cxd5 cxd5 5. dxe5 d4 6. Ne4 Qa5+ 7. Nd2 Nc6 8. Ngf3 Nxe5 9. Nxe5 Qxe5 10. Nf3 Bb4+ 11. Bd2 Qa5 12. a3 Bxd2+ 13. Qxd2 Qxd2+ 14. Kxd2 Bg4 15. Nxd4 0-0-0 16. e3 Nf6 17. f3 Bh5 18. Rc1+ Kb8 19. Bd3 Rhe8 20. Rhd1 Nd5 21. Be4 Nb6 22. g4 Bg6 23. Bxg6 hxg6 24. Ke2 Nd5 25. e4 Nf4+ 26. Kf2 Rc8 27. Rxc8+ Rxc8 28. Rd2 Rc1 29. Nb5 b6 30. Nd6 f6 31. Nb5 Rb1 32. h4 Rxb2 33. Rxb2 Nd3+ 34. Ke3 Nxb2 35. Nd6 Kc7 36. Ne8+ Kd7 37. Nxg7 Nc4+ 38. Kd4 Nxa3 39. h5 gxh5 40. gxh5 Ke7 41. h6 Kf7 42. Nf5 Kg6 43. f4 Nb5+ 44. Kc4 Nc7 45. Kb4 a5+ 46. Ka4 Ne6 47. Ne7+ Kxh6 48. f5 Nc5+ 49. Kb5 Nxe4 50. Nd5 Kg5 0-1

[Event "EU-ch Online U2300 Qual"]
[Site "Chess.com INT"]
[Date "2020.05.25"]
[Round "4"]
[White "Frisk, Ellinor"]
[Black "Sedykh, Mikhail"]
[Result "1/2-1/2"]
[WhiteElo "2176"]
[BlackElo "2119"]
[PlyCount "128"]
[EventDate "2020.05.25"]
[EventType "swiss"]
[EventRounds "8"]
[EventCountry "NET"]
[SourceTitle "EXT 2021"]
[Source "ChessBase"]
[SourceDate "2020.10.23"]
[SourceVersion "1"]
[SourceVersionDate "2020.10.23"]
[SourceQuality "1"]

1. d4 d5 2. e4 dxe4 3. Nc3 e5 4. dxe5 Qxd1+ 5. Kxd1 Bf5 6. Nge2 Nc6 7. Ng3 Bg4+ 8. Be2 Bxe2+ 9. Kxe2 0-0-0 10. Be3 Nxe5 11. Ngxe4 Be7 12. Rhd1 Nf6 13. a4 a6 14. a5 Nxe4 15. Nxe4 Nc4 16. Rxd8+ Rxd8 17. b3 Nxe3 18. Kxe3 f5 19. Ng3 g6 20. Ke2 Bb4 21. Nf1 Rd4 22. Ra4 c5 23. f3 Kd7 24. Ra1 Kc6 25. c4 Bc3 26. Ra2 f4 27. Nd2 Rd7 28. Ne4 Bb4 29. Ra1 h6 30. g3 fxg3 31. hxg3 h5 32. Ra2 Re7 33. Kf2 Rd7 34. Ke2 Re7 35. Ra1 Rd7 36. Ke3 Rf7 37. Rd1 Bxa5 38. Rd6+ Kc7 39. Rxg6 b6 40. Rh6 Rf5 41. g4 hxg4 42. fxg4 Rf1 43. g5 Rg1 44. g6 Kd8 45. Kf4 Ke7 46. Kf5 Rf1+ 47. Ke5 Kf8 48. Rh7 Be1 49. Ke6 b5 50. Nf6 Rxf6+ 51. Kxf6 Bc3+ 52. Ke6 bxc4 53. bxc4 a5 54. Ra7 Kg8 55. Kd5 Bb4 56. Kc6 Kf8 57. Kb5 Bc3 58. Rxa5 Kg7 59. Ra6 Bd4 60. Rc6 Kf8 61. Rxc5 Kg7 62. Rc6 Bg1 63. c5 Bf2 64. Rd6 Bg3 1/2-1/2

[Event "EU-ch Online U2300 Qual"]
[Site "Chess.com INT"]
[Date "2020.05.25"]
[Round "5"]
[White "Iustin, Silviu"]
[Black "Frisk, Ellinor"]
[Result "1-0"]
[WhiteElo "1998"]
[BlackElo "2176"]
[PlyCount "117"]
[EventDate "2020.05.25"]
[EventType "swiss"]
[EventRounds "8"]
[EventCountry "NET"]
[SourceTitle "EXT 2021"]
[Source "ChessBase"]
[SourceDate "2020.10.23"]
[SourceVersion "1"]
[SourceVersionDate "2020.10.23"]
[SourceQuality "1"]

1. e4 c5 2. Nf3 Nc6 3. d4 cxd4 4. Nxd4 e5 5. Nb5 d6 6. N1c3 a6 7. Na3 b5 8. Nd5 Nce7 9. c4 Nxd5 10. cxd5 f5 11. exf5 Bxf5 12. Bd3 Qd7 13. 0-0 Nf6 14. Bxf5 Qxf5 15. Nc2 Be7 16. Ne3 Qd7 17. a4 0-0 18. Qb3 Rfb8 19. axb5 Qxb5 20. Qxb5 Rxb5 21. Rd1 a5 22. Bd2 Nxd5 23. Nxd5 Rxd5 24. Bc3 Rxd1+ 25. Rxd1 Kf7 26. f3 Ke6 27. f4 Bf6 28. Kf2 exf4 29. Bxf6 gxf6 30. Kf3 Rb8 31. Ra1 Rxb2 32. Rxa5 d5 33. Ra7 Kf5 34. Rxh7 Rb3+ 35. Kf2 d4 36. Rd7 d3 37. Kf3 Ra3 38. Rd5+ Ke6 39. Rd4 Ke5 40. Re4+ Kd5 41. Rxf4 Ra2 42. Rxf6 Kc4 43. Rd6 Kc3 44. h4 Ra4 45. h5 d2 46. Ke2 Re4+ 47. Kf2 Kc2 48. Kf3 Re5 49. g4 d1Q+ 50. Rxd1 Kxd1 51. h6 Kd2 52. h7 Re3+ 53. Kg2 Re8 54. g5 Ke3 55. g6 Kf4 56. g7 Re2+ 57. Kf1 Rh2 58. g8Q Kf3 59. Qf7+ 1-0

[Event "Gothenburg Kvibergspelen 09"]
[Site "Gothenburg"]
[Date "2019.09.28"]
[Round "5"]
[White "Frisk, Ellinor"]
[Black "Harren, Mats"]
[Result "1-0"]
[WhiteElo "2227"]
[BlackElo "2113"]
[PlyCount "95"]
[EventDate "2019.09.27"]
[EventType "swiss"]
[EventRounds "8"]
[EventCountry "SWE"]
[SourceTitle "EXT 2020"]
[Source "ChessBase"]
[SourceDate "2019.10.17"]
[SourceVersion "1"]
[SourceVersionDate "2019.10.17"]
[SourceQuality "1"]

1. Nf3 Nf6 2. c4 e6 3. g3 a6 4. Bg2 b5 5. Nd4 d5 6. cxb5 axb5 7. Nxb5 e5 8. 0-0 h5 9. d4 c6 10. dxe5 Ng4 11. Nd6+ Bxd6 12. exd6 h4 13. Qd4 hxg3 14. hxg3 Kf8 15. Bf4 Nd7 16. Nc3 f6 17. f3 Nge5 18. e4 g5 19. Be3 Ba6 20. Rfd1 Qe8 21. exd5 c5 22. Qe4 Qf7 23. Qf5 Re8 24. Ne4 Nd3 25. Bh3 Bc8 26. Nxg5 fxg5 27. Qxf7+ Kxf7 28. Be6+ Rxe6 29. dxe6+ Kxe6 30. Rxd3 Ne5 31. Rdd1 Nxf3+ 32. Kf2 Bb7 33. Bxc5 Rh2+ 34. Ke3 Ne5 35. b4 Bd5 36. Rxd5 Kxd5 37. Rd1+ Kc6 38. a4 Rg2 39. Ke4 Nd7 40. Rc1 Ra2 41. b5+ Kb7 42. Bd4 Nf8 43. Rc7+ Kb8 44. Re7 g4 45. Re8+ Kb7 46. Rxf8 Re2+ 47. Be3 Rf2 48. Rxf2 1-0

[Event "Copenhagen Obro New Year op"]
[Site "Copenhagen"]
[Date "2018.12.31"]
[Round "7"]
[White "Frisk, Ellinor"]
[Black "Kistrup, Nicolai"]
[Result "1-0"]
[WhiteElo "2251"]
[BlackElo "2089"]
[PlyCount "97"]
[EventDate "2018.12.27"]
[EventType "swiss"]
[EventRounds "7"]
[EventCountry "DEN"]
[SourceTitle "CBM 189 Extra"]
[Source "ChessBase"]
[SourceDate "2019.06.03"]
[SourceVersion "1"]
[SourceVersionDate "2019.06.03"]
[SourceQuality "1"]

1. Nf3 c5 2. c4 Nc6 3. d4 cxd4 4. Nxd4 Nf6 5. Nc3 g6 6. g3 Bg7 7. Bg2 0-0 8. 0-0 Nxd4 9. Qxd4 d6 10. Qd3 Bf5 11. e4 Be6 12. b3 Nd7 13. Be3 Nc5 14. Qd2 Qa5 15. Rac1 Rfe8 16. Bd4 Bxd4 17. Qxd4 Bd7 18. Rfe1 Bc6 19. h4 Nd7 20. Re2 Qc5 21. Qxc5 Nxc5 22. Rd1 Nd7 23. Bh3 Nf6 24. Bg2 Nd7 25. Red2 Nf6 26. f3 h6 27. Kf2 g5 28. hxg5 hxg5 29. Rc1 Rac8 30. Rdc2 Red8 31. Nd5 Nxd5 32. cxd5 Bd7 33. Rc7 Rb8 34. Ke3 Kg7 35. f4 gxf4+ 36. gxf4 Kf6 37. Kd4 Bb5 38. e5+ Kf5 39. Rxe7 Kxf4 40. Rxf7+ Kg3 41. Rg7+ Kf4 42. e6 Rg8 43. Rf7+ Kg3 44. Be4 Ba6 45. Rg1+ Kh2 46. Rxg8 Rxg8 47. e7 Re8 48. Rh7+ Kg3 49. Bg6 1-0

[Event "Copenhagen Obro New Year op"]
[Site "Copenhagen"]
[Date "2018.12.29"]
[Round "3"]
[White "Frisk, Ellinor"]
[Black "Olsson, Tomas"]
[Result "1-0"]
[WhiteElo "2251"]
[BlackElo "1986"]
[PlyCount "83"]
[EventDate "2018.12.27"]
[EventType "swiss"]
[EventRounds "7"]
[EventCountry "DEN"]
[SourceTitle "CBM 189 Extra"]
[Source "ChessBase"]
[SourceDate "2019.06.03"]
[SourceVersion "1"]
[SourceVersionDate "2019.06.03"]
[SourceQuality "1"]

1. Nf3 Nf6 2. c4 g6 3. g3 Bg7 4. Bg2 d6 5. 0-0 0-0 6. Nc3 e5 7. d3 Nc6 8. Rb1 a5 9. a3 Nh5 10. b4 axb4 11. axb4 h6 12. b5 Ne7 13. Qb3 Kh7 14. Ba3 Rb8 15. b6 c5 16. Nd2 f5 17. Nd5 Nxd5 18. Bxd5 Qg5 19. Qc2 Nf4 20. Bf3 Ne6 21. e3 Qf6 22. Bg2 Qe7 23. f4 exf4 24. gxf4 Bd7 25. Bb2 Rfc8 26. Bxg7 Qxg7 27. Qb2 Qe7 28. Rbe1 Bc6 29. Bd5 Bxd5 30. cxd5 Ng7 31. Nc4 Ne8 32. e4 Qf7 33. Qg2 Rd8 34. Re2 Rbc8 35. Qf3 Ra8 36. Rfe1 Rab8 37. Ra2 Ra8 38. Rxa8 Rxa8 39. e5 dxe5 40. fxe5 Qf8 41. d6 Rb8 42. Qd5 1-0

[Event "NOR-SWE m"]
[Site "Stavanger"]
[Date "2016.04.23"]
[Round "1.8"]
[White "Frisk, Ellinor"]
[Black "Dolzhikova, Olga"]
[Result "1-0"]
[WhiteElo "2250"]
[BlackElo "2184"]
[PlyCount "67"]
[EventDate "2016.04.23"]
[EventType "team-match"]
[EventRounds "2"]
[EventCountry "NOR"]
[SourceTitle "CBM 172 Extra"]
[Source "ChessBase"]
[SourceDate "2016.06.21"]
[SourceVersion "1"]
[SourceVersionDate "2016.06.21"]
[SourceQuality "1"]
[WhiteTeam "Sweden"]
[BlackTeam "Norway"]
[WhiteTeamCountry "SWE"]
[BlackTeamCountry "NOR"]

1. Nf3 Nf6 2. c4 e6 3. g3 d5 4. Bg2 dxc4 5. Qa4+ c6 6. Qxc4 b5 7. Qb3 Bb7 8. 0-0 Be7 9. d4 0-0 10. Rd1 Qb6 11. Nc3 Nbd7 12. Bg5 h6 13. Bxf6 Bxf6 14. Rac1 Rfd8 15. Ne4 Be7 16. Ne1 e5 17. dxe5 Nxe5 18. Qc3 Ng4 19. Nd3 Rd4 20. Ndc5 Rc4 21. Qf3 Bxc5 22. Rxc4 Ne5 23. Qf5 Bxf2+ 24. Kh1 Nxc4 25. Rd7 Ne5 26. Qxe5 Qe3 27. Bf3 Ba6 28. Kg2 Bg1 29. Rd1 Bf2 30. Rd3 Qc1 31. Kxf2 Qc4 32. b3 Qc2 33. Rd2 Qc1 34. Qc5 1-0